[Event "USCL Week 6"]
[Site "Internet Chess Club"]
[Date "2014.09.30"]
[Round "?"]
[White "Defibaugh, Jared"]
[Black "Larson, Matthew"]
[Result "1-0"]
[WhiteElo "2325"]
[BlackElo "2251"]
[PlyCount "139"]
[EventDate "2014.??.??"]

1. d4 d5 2. c4 c6 3. Nc3 Nf6 4. e3 e6 5. Nf3 Nbd7 6. Qc2 Bd6 7. b3 O-O 8. Be2
Re8 9. O-O b6 10. Bb2 Bb7 11. Rad1 Qe7 12. Rfe1 dxc4 13. Bxc4 b5 14. Bd3 Rac8
15. Qd2 a6 16. Bb1 c5 17. e4 cxd4 18. Qxd4 Bc5 19. Qd2 Red8 20. Qg5 Nf8 21. e5
Nd5 22. Ne4 Qxg5 23. Nfxg5 Bb4 24. Rf1 Ng6 25. g3 h6 26. Nf3 Nge7 27. a3 Ba5
28. b4 Bb6 29. Nd4 Rc7 30. Nb3 Nf5 31. Rd2 Kf8 32. Nec5 Nfe7 33. Bd4 Nc6 34.
Rc1 Nxd4 35. Rxd4 Ke7 36. Kf1 f5 37. Rdd1 Bc8 38. Bd3 g5 39. Be2 Ba7 40. Rc2
Bb6 41. Rdc1 f4 42. Bf3 Rf8 43. Ke2 Rf5 44. Nd3 Rxc2+ 45. Rxc2 Rf8 46. g4 Bb7
47. Ndc5 Bc8 48. Nd4 Bd7 49. Kd3 Ra8 50. Bxd5 exd5 51. Nf5+ Bxf5+ 52. gxf5 a5
53. f6+ Kf7 54. Nd7 Bxf2 55. Rxf2 axb4 56. axb4 Ke6 57. Kd4 Kxd7 58. Kxd5 Ra6
59. Rc2 f3 60. f7 Ke7 61. Rc7+ Kf8 62. e6 Ra8 63. Rc2 g4 64. Ke5 Kg7 65. Kf5 h5
66. Rd2 Rc8 67. e7 Kxf7 68. Rd8 Kxe7 69. Rxc8 Kd7 70. Rc1 1-0

[Event "USCL Week 6"]
[Site "Internet Chess Club"]
[Date "2014.09.30"]
[Round "?"]
[White "Banawa, Joel"]
[Black "Liou, Yian"]
[Result "0-1"]
[WhiteElo "2454"]
[BlackElo "2475"]
[PlyCount "88"]
[EventDate "2014.??.??"]

1. d4 d5 2. c4 c6 3. Nf3 Nf6 4. Nc3 a6 5. a4 e6 6. g3 Nbd7 7. Bg2 Bb4 8. O-O
O-O 9. Qb3 a5 10. Bf4 b6 11. Ne5 Bb7 12. Rfd1 Nxe5 13. dxe5 Nd7 14. e4 dxc4 15.
Qxc4 Qe7 16. h4 h6 17. Na2 Bc5 18. h5 Rfd8 19. Nc1 Nf8 20. Nb3 Bb4 21. Be3
Rxd1+ 22. Rxd1 Rd8 23. Rd3 Qc7 24. f4 Rxd3 25. Qxd3 Nd7 26. Bf3 Nb8 27. Nd2 Ba6
28. Qc2 Nd7 29. Nc4 b5 30. Nd6 bxa4 31. Qxa4 Bxd6 32. exd6 Qxd6 33. Qxa5 Qd3
34. Qe1 Nf6 35. e5 Nd5 36. Bxd5 cxd5 37. Kh2 d4 38. Bc1 Qf3 39. Qd2 Bb7 40. g4
Qxg4 41. Qf2 Qxh5+ 42. Kg3 g5 43. fxg5 hxg5 44. Qxd4 Qf3+ 0-1

[Event "USCL Week 6"]
[Site "Internet Chess Club"]
[Date "2014.09.30"]
[Round "?"]
[White "Kavutskiy, Konstantin"]
[Black "Anka, Emil"]
[Result "1-0"]
[WhiteElo "2397"]
[BlackElo "2497"]
[PlyCount "73"]
[EventDate "2014.??.??"]

1. d4 Nf6 2. c4 g6 3. f3 c5 4. d5 d6 5. e4 Bg7 6. Ne2 O-O 7. Nbc3 e6 8. Ng3 a6
9. a4 h5 10. Bg5 exd5 11. cxd5 Qc7 12. Be2 Nh7 13. Be3 h4 14. Nf1 f5 15. Nd2
Nd7 16. Nc4 Ne5 17. Qd2 Nxc4 18. Bxc4 h3 19. O-O hxg2 20. Kxg2 Qe7 21. Rae1
fxe4 22. Nxe4 Qh4 23. Qf2 Qh3+ 24. Kg1 Be5 25. Qg2 Qh5 26. Ng3 Qh4 27. Qc2 Bf5
28. Nxf5 Rxf5 29. Bd3 Rh5 30. f4 Bd4 31. Bxg6 Rh6 32. Bxd4 cxd4 33. Qg2 Nf6 34.
f5 d3 35. Qg3 Qd4+ 36. Qe3 Qxd5 37. Qxh6 1-0

[Event "USCL Week 6"]
[Site "Internet Chess Club"]
[Date "2014.09.30"]
[Round "?"]
[White "Mateer, Amanda"]
[Black "Banik, Siddharth"]
[Result "0-1"]
[WhiteElo "2113"]
[BlackElo "2236"]
[PlyCount "64"]
[EventDate "2014.??.??"]

1. d4 Nf6 2. c4 g6 3. Nc3 d5 4. cxd5 Nxd5 5. e4 Nxc3 6. bxc3 Bg7 7. Be3 c5 8.
Qd2 Qa5 9. Rc1 O-O 10. Nf3 Bg4 11. d5 Bxf3 12. gxf3 Nd7 13. h4 f5 14. Bh6 fxe4
15. fxe4 Bxh6 16. Qxh6 Qxa2 17. Be2 Ne5 18. Qe3 Nc4 19. Qg5 Rf6 20. h5 Raf8 21.
f3 Rf4 22. Rd1 Qc2 23. hxg6 Qxc3+ 24. Kf2 Qe3+ 25. Ke1 Qc3+ 26. Kf2 Rxf3+ 27.
Kg2 Rf2+ 28. Kg1 Qe3 29. gxh7+ Kh8 30. Qxe3 Nxe3 31. Rh2 Nxd1 32. Bxd1 Rf1+ 0-1

[Event "USCL Week 6"]
[Site "Internet Chess Club"]
[Date "2014.09.30"]
[Round "?"]
[White "Casella, Michael"]
[Black "Schill, William"]
[Result "1-0"]
[WhiteElo "2262"]
[BlackElo "2215"]
[PlyCount "71"]
[EventDate "2014.??.??"]

1. e4 c5 2. Nf3 Nc6 3. d4 cxd4 4. Nxd4 Nf6 5. Nc3 d6 6. Bg5 e6 7. Qd2 a6 8.
O-O-O Bd7 9. f4 Be7 10. Nf3 b5 11. Bxf6 gxf6 12. Kb1 Qa5 13. Bd3 O-O-O 14. f5
Kb8 15. Qh6 Rc8 16. Ne2 Nb4 17. a3 Nxd3 18. Rxd3 exf5 19. Qf4 Rhg8 20. exf5
Rxg2 21. Nfd4 Qd8 22. Qf3 Rg5 23. h4 Rg7 24. Nc3 Qg8 25. Nd5 Bd8 26. Qf4 Qf8
27. Re1 Rc5 28. Nb3 Rc4 29. Rd4 Rxd4 30. Nxd4 h5 31. Qh6 Rg8 32. Qxh5 Qg7 33.
Nb4 Bb6 34. Re7 Qg1+ 35. Ka2 Qxd4 36. Qxf7 1-0

[Event "USCL Week 6"]
[Site "Internet Chess Club"]
[Date "2014.09.30"]
[Round "?"]
[White "Wheeler, Cameron"]
[Black "Ginsburg, Mark"]
[Result "1/2-1/2"]
[WhiteElo "2368"]
[BlackElo "2397"]
[PlyCount "112"]
[EventDate "2014.??.??"]

1. c4 Nf6 2. g3 e5 3. Bg2 Nc6 4. Nc3 g6 5. e3 Bg7 6. Nge2 O-O 7. O-O d6 8. d4
exd4 9. Nxd4 Ne5 10. b3 a6 11. f4 Ned7 12. e4 Re8 13. Re1 Nc5 14. Ba3 Rb8 15.
Rc1 c6 16. Bxc5 dxc5 17. Nf3 Bg4 18. e5 Nd7 19. h3 Bxf3 20. Qxf3 Nf8 21. Rcd1
Qe7 22. Ne4 Ne6 23. Qf2 Red8 24. g4 Rxd1 25. Rxd1 Rd8 26. Rxd8+ Qxd8 27. Nxc5
Nxc5 28. Qxc5 Bf8 29. Qe3 Qa5 30. Qe2 Qc3 31. Kh2 Bc5 32. e6 Kf8 33. Qe5 Qxe5
34. fxe5 Bd4 35. exf7 Bxe5+ 36. Kg1 Kxf7 37. Kf2 Bd4+ 38. Kf3 Ke6 39. Ke4 Bf2
40. Bf1 a5 41. Kf4 Kd6 42. Kg5 Be3+ 43. Kf6 Bd4+ 44. Kf7 g5 45. Ke8 Kc5 46. Kd7
b5 47. cxb5 cxb5 48. Ke6 h6 49. Kf5 Bf2 50. a4 bxa4 51. bxa4 Kb4 52. Bb5 Kc5
53. Kg6 Kb4 54. Kxh6 Bh4 55. Kg6 Kc5 56. Kf5 Kb6 1/2-1/2

[Event "USCL Week 6"]
[Site "Internet Chess Club"]
[Date "2014.09.30"]
[Round "?"]
[White "Feng, Roland"]
[Black "Mousseri, Daniel"]
[Result "1-0"]
[WhiteElo "2305"]
[BlackElo "2270"]
[PlyCount "111"]
[EventDate "2014.??.??"]

1. d4 Nf6 2. c4 g6 3. Nc3 Bg7 4. Nf3 d6 5. Bg5 h6 6. Bf4 O-O 7. e3 Nfd7 8. Bg3
e5 9. Be2 Kh8 10. Qc2 f5 11. dxe5 dxe5 12. Rd1 Qe8 13. O-O f4 14. exf4 exf4 15.
Bh4 c6 16. Rd6 Nf6 17. Bxf6 Rxf6 18. Rxf6 Bxf6 19. Bd3 Kg7 20. Re1 Qf7 21. Ne4
Na6 22. Nd6 Qf8 23. Ne8+ Kh8 24. Nxf6 Qxf6 25. Bxg6 Be6 26. Be4 Rg8 27. Kh1 Bf7
28. a3 Nc5 29. b4 Ne6 30. c5 Nc7 31. Rd1 Nd5 32. Ne1 Re8 33. Bf3 Bg6 34. Qd2
Nc3 35. Rc1 Nb1 36. Qd1 Nxa3 37. h3 Nb5 38. Rc4 Nc3 39. Qd2 Ne4 40. Bxe4 Bxe4
41. f3 Bd5 42. Rc3 Qf5 43. Nd3 Rf8 44. Qf2 Qf6 45. Rc1 Rg8 46. Re1 Rg3 47. Re8+
Kh7 48. Qe1 Rg7 49. Re5 Bc4 50. Nf2 Bd5 51. Ng4 Qf7 52. Qh4 Qg6 53. Rh5 Qb1+
54. Kh2 Kg8 55. Rxh6 Qf5 56. Rh8+ 1-0

[Event "USCL Week 6"]
[Site "Internet Chess Club"]
[Date "2014.09.30"]
[Round "?"]
[White "Orlov, Georgi"]
[Black "Khachiyan, Melikset"]
[Result "1-0"]
[WhiteElo "2528"]
[BlackElo "2633"]
[PlyCount "127"]
[EventDate "2014.??.??"]

1. Nf3 Nf6 2. d4 g6 3. c4 Bg7 4. g3 c6 5. Bg2 d5 6. cxd5 cxd5 7. O-O O-O 8. Ne5
e6 9. Nc3 Nfd7 10. Nf3 Nc6 11. b3 Qa5 12. Bb2 b5 13. a3 Qb6 14. e4 Nf6 15. e5
Nd7 16. Ne2 b4 17. Nf4 Ba6 18. Re1 Rfc8 19. Ng5 Nf8 20. Nxd5 exd5 21. Bxd5 Nd8
22. Bxa8 Rxa8 23. d5 Bb7 24. axb4 Qb5 25. Ra5 Qxb4 26. Qa1 Rc8 27. Ne4 Rc2 28.
Bd4 a6 29. Re3 Rc1+ 30. Qxc1 Qxa5 31. e6 Ndxe6 32. Bxg7 Nxg7 33. Nf6+ Kh8 34.
Qb2 Qd8 35. Ne8 f6 36. Nxf6 Nfe6 37. Qe5 Nc7 38. d6 Nce6 39. d7 Bc6 40. Qd6
Qxf6 41. Qxc6 Kg8 42. Qc8+ Kf7 43. Qxa6 g5 44. Qb7 Kg6 45. Qd5 g4 46. b4 h5 47.
Re5 Nd8 48. b5 Nge6 49. Qe4+ Kh6 50. Qe3+ Kg6 51. Qd3+ Kh6 52. Qd6 Kg6 53. b6
Ng5 54. Qxf6+ Kxf6 55. Rb5 Nb7 56. Rc5 Nf7 57. Rxh5 Ke6 58. Rh7 Nbd8 59. Rg7
Ne5 60. Kg2 Kf6 61. Rh7 Ke6 62. Rg7 Kf6 63. Rg8 Ke7 64. Re8+ 1-0

[Event "USCL Week 6"]
[Site "Internet Chess Club"]
[Date "2014.10.01"]
[Round "?"]
[White "Volkov, Dmitriy"]
[Black "Rubenchik, Rodion"]
[Result "1/2-1/2"]
[WhiteElo "2371"]
[BlackElo "2329"]
[PlyCount "45"]
[EventDate "2014.??.??"]

1. e4 e6 2. d4 d5 3. e5 c5 4. c3 Nc6 5. Nf3 Bd7 6. a3 Qb6 7. b4 cxd4 8. cxd4
Rc8 9. Bb2 Na5 10. Nbd2 Nc4 11. Nxc4 dxc4 12. Rc1 a5 13. Nd2 axb4 14. Nxc4 Qd8
15. axb4 Bxb4+ 16. Bc3 Bxc3+ 17. Rxc3 Kf8 18. Qb3 Ne7 19. Nd6 Rxc3 20. Qxc3 Bc6
21. f3 Nd5 22. Qc5 Kg8 23. h4 1/2-1/2

[Event "USCL Week 6"]
[Site "Internet Chess Club"]
[Date "2014.10.01"]
[Round "?"]
[White "Salimbagat, Rico"]
[Black "Williams, Chris"]
[Result "0-1"]
[WhiteElo "2259"]
[BlackElo "2310"]
[PlyCount "38"]
[EventDate "2014.??.??"]

1. e4 c5 2. Nf3 e6 3. d4 cxd4 4. Nxd4 a6 5. c4 Nf6 6. Bd3 Nc6 7. Nxc6 dxc6 8.
O-O e5 9. a3 Bc5 10. Nc3 Be6 11. b4 Bd4 12. Bb2 Qe7 13. c5 Rd8 14. Qc2 Ng4 15.
Rad1 Qh4 16. h3 h5 17. Rd2 Qg3 18. hxg4 hxg4 19. Re1 Rh2 0-1

[Event "USCL Week 6"]
[Site "Internet Chess Club"]
[Date "2014.10.01"]
[Round "?"]
[White "Krasik, Ilya"]
[Black "Rozman, Levy"]
[Result "0-1"]
[WhiteElo "2264"]
[BlackElo "2382"]
[PlyCount "50"]
[EventDate "2014.??.??"]

1. d4 f5 2. c4 Nf6 3. Nc3 g6 4. h4 d6 5. h5 Nxh5 6. Rxh5 gxh5 7. e4 fxe4 8.
Qxh5+ Kd7 9. Nxe4 Qe8 10. Qh4 Nc6 11. Be3 Kd8 12. O-O-O Qg6 13. Be2 h5 14. Bf3
Bh6 15. Ne2 Bg4 16. Kb1 Kd7 17. Bxh6 Rxh6 18. Ka1 Rf8 19. Rg1 Kc8 20. a3 Rhh8
21. d5 Ne5 22. c5 Rxf3 23. gxf3 Nxf3 24. Qxe7 Re8 25. Rxg4 hxg4 0-1

[Event "USCL Week 6"]
[Site "Internet Chess Club"]
[Date "2014.10.01"]
[Round "?"]
[White "Theil, Carey"]
[Black "Wang, Qibiao"]
[Result "0-1"]
[WhiteElo "2180"]
[BlackElo "2320"]
[PlyCount "122"]
[EventDate "2014.??.??"]

1. e4 e6 2. d4 d5 3. Nc3 Nf6 4. Bg5 Bb4 5. e5 h6 6. Be3 Ne4 7. Qg4 g6 8. a3
Bxc3+ 9. bxc3 c5 10. Bd3 h5 11. Qf4 g5 12. Qf3 Nxc3 13. Ne2 Nxe2 14. Bxe2 cxd4
15. Bxd4 Nc6 16. Bb2 g4 17. Qf4 Qa5+ 18. Kf1 b6 19. c4 Ba6 20. Rc1 Bxc4 21.
Bxc4 dxc4 22. Qxc4 Ne7 23. h3 Rg8 24. hxg4 Rxg4 25. Qxg4 hxg4 26. Rh8+ Kd7 27.
Rxa8 Nc6 28. Rd1+ Kc7 29. Kg1 Nb8 30. Rd4 Qe1+ 31. Kh2 Qxe5+ 32. g3 Qh5+ 33.
Kg1 Kb7 34. Rxb8+ Kxb8 35. a4 Kc7 36. Bc1 Qc5 37. Be3 Qc2 38. Kg2 Qe2 39. Kg1
f5 40. Rd2 Qe1+ 41. Kg2 e5 42. Rd5 f4 43. gxf4 exf4 44. Bxf4+ Kc6 45. Rd4 Qe2
46. Bg3 Kc5 47. Rf4 a6 48. Bh4 b5 49. axb5 axb5 50. Kg3 b4 51. Bf6 Qe6 52. Kh4
b3 53. Bd4+ Kc4 54. Rxg4 Qxg4+ 55. Kxg4 Kxd4 56. f4 b2 57. f5 b1=Q 58. Kg5 Ke5
59. f6 Qg1+ 60. Kh4 Kxf6 61. Kh3 Kf5 0-1

[Event "USCL Week 6"]
[Site "Internet Chess Club"]
[Date "2014.10.01"]
[Round "?"]
[White "Minear, Peter"]
[Black "Benjamin, Joel"]
[Result "0-1"]
[WhiteElo "2365"]
[BlackElo "2634"]
[PlyCount "112"]
[EventDate "2014.??.??"]

1. e4 c5 2. c3 d5 3. exd5 Qxd5 4. d4 Nc6 5. Nf3 Bf5 6. Be3 Nf6 7. Nbd2 cxd4 8.
cxd4 e6 9. Bc4 Qd6 10. O-O Be7 11. Rc1 O-O 12. a3 Rac8 13. Qa4 Nd5 14. Bb5 Nb6
15. Nc4 Nxc4 16. Bxc4 a6 17. Be2 h6 18. Rfd1 Rfd8 19. Qb3 b5 20. Qc3 Bf6 21.
Ne5 Ne7 22. Qa5 Nd5 23. Nd3 Nxe3 24. fxe3 Bxd3 25. Bxd3 Rxc1 26. Rxc1 Bxd4 27.
exd4 Qxd4+ 28. Kh1 Qxd3 29. h3 Qd2 30. Qc7 Rd7 31. Qc8+ Kh7 32. Rf1 Qe2 33.
Qxd7 Qxf1+ 34. Kh2 Qf4+ 35. Kh1 Qf1+ 36. Kh2 Qf4+ 37. Kh1 Qc1+ 38. Kh2 Qxb2 39.
Qxf7 Qe5+ 40. Kh1 a5 41. Qb7 a4 42. Qc6 Qd5 43. Qc2+ Qf5 44. Qc6 Qf1+ 45. Kh2
Qc4 46. Qd6 Qd5 47. Qc7 e5 48. Qc2+ e4 49. Qf2 Qe5+ 50. Kh1 e3 51. Qc2+ g6 52.
Qd3 e2 53. Qd7+ Qg7 54. Qe8 Qa1+ 55. Kh2 e1=Q 56. Qf7+ Qg7 0-1

[Event "USCL Week 6"]
[Site "Internet Chess Club"]
[Date "2014.10.01"]
[Round "?"]
[White "Huang, Gary"]
[Black "Chase, Christopher"]
[Result "0-1"]
[WhiteElo "2358"]
[BlackElo "2411"]
[PlyCount "104"]
[EventDate "2014.??.??"]

1. e4 g6 2. d4 Bg7 3. Nc3 d6 4. Be3 a6 5. Qd2 Nd7 6. f3 b5 7. h4 h5 8. Nh3 Bb7
9. Ng5 Nh6 10. O-O-O Rc8 11. Kb1 c5 12. dxc5 dxc5 13. g3 e6 14. Bh3 Qe7 15. Ne2
Ne5 16. Qe1 Qf6 17. f4 Nc4 18. e5 Qe7 19. Bc1 Ng4 20. Rg1 b4 21. b3 Nce3 22.
Rd3 Nf5 23. Bg2 Bxg2 24. Rxg2 f6 25. Nf3 O-O 26. Neg1 c4 27. bxc4 Rxc4 28. Bb2
Rfc8 29. exf6 Bxf6 30. Ne5 Bxe5 31. Bxe5 Qc5 32. Qd2 Nxe5 33. fxe5 Qxe5 34. Re2
Re4 35. Nf3 Rxe2 36. Rd8+ Kh7 37. Qd7+ Qg7 38. Qxc8 g5 39. Rd7 Ne7 40. Nxg5+
Kg6 41. Qe8+ Kf5 42. Rd1 Nd5 43. Rf1+ Kg4 44. Qf8 Re1+ 45. Rxe1 Qxf8 46. Nxe6
Qf2 47. Re5 Nc3+ 48. Kb2 Nd1+ 49. Kc1 Ne3 50. Rc5 Qe1+ 51. Kb2 Nd1+ 52. Kb3
Qxe6+ 0-1

[Event "USCL Week 6"]
[Site "Internet Chess Club"]
[Date "2014.10.01"]
[Round "?"]
[White "Costigan, Richard"]
[Black "Jacobson, Aaron"]
[Result "1/2-1/2"]
[WhiteElo "2288"]
[BlackElo "2139"]
[PlyCount "105"]
[EventDate "2014.??.??"]

1. e4 c6 2. d4 d5 3. Nd2 dxe4 4. Nxe4 Bf5 5. Ng3 Bg6 6. h4 h6 7. f4 e6 8. Nf3
Nd7 9. h5 Bh7 10. Bd3 Bxd3 11. Qxd3 Ngf6 12. Bd2 Be7 13. O-O-O Qc7 14. Ne5 O-O
15. c4 Rfd8 16. Rhe1 b5 17. Nxf7 Kxf7 18. Qg6+ Kf8 19. Rxe6 Ne8 20. Rxc6 Qb7
21. Qf5+ Ndf6 22. Qxb5 Qxb5 23. cxb5 Rxd4 24. Nf5 Rd5 25. Nxe7 Kxe7 26. Bb4+
Kd7 27. Ra6 Rxd1+ 28. Kxd1 Nd5 29. Bd2 Ndc7 30. Rg6 Nxb5 31. g4 Rc8 32. g5 Rc6
33. f5 Rxg6 34. fxg6 hxg5 35. Bxg5 Nbd6 36. h6 gxh6 37. Bxh6 Nf5 38. Bg5 Ke6
39. Kc2 Kd5 40. Kb3 Kc5 41. Ka4 Kb6 42. b4 Neg7 43. Bd8+ Ka6 44. b5+ Kb7 45.
Bf6 Ne6 46. Be5 Kb6 47. Kb4 Neg7 48. a4 Ne6 49. a5+ Kb7 50. Kc4 Ne7 51. g7 a6
52. bxa6+ Kxa6 53. Bc3 1/2-1/2

[Event "USCL Week 6"]
[Site "Internet Chess Club"]
[Date "2014.10.01"]
[Round "?"]
[White "Zapata, Alonso"]
[Black "Korley, Kassa"]
[Result "1-0"]
[WhiteElo "2555"]
[BlackElo "2486"]
[PlyCount "85"]
[EventDate "2014.??.??"]

1. e4 d6 2. d4 Nf6 3. Nc3 e5 4. dxe5 dxe5 5. Qxd8+ Kxd8 6. Bg5 Be6 7. Nf3 Nbd7
8. O-O-O Kc8 9. Bh4 Bb4 10. Bd3 Bxc3 11. bxc3 Ne8 12. Ng5 Bxa2 13. Kb2 h6 14.
Kxa2 hxg5 15. Bxg5 Nd6 16. f3 Nc5 17. Be3 Ne6 18. g3 Kd7 19. f4 f6 20. f5 Nd8
21. h4 Kc6 22. g4 b6 23. g5 N8b7 24. h5 Nc5 25. Rh4 Na4 26. Kb3 Nc5+ 27. Ka3
fxg5 28. Bxg5 a6 29. Ra1 b5 30. Be3 a5 31. Kb2 Na4+ 32. Kb3 Nc5+ 33. Bxc5 Kxc5
34. Rg1 b4 35. Rxg7 a4+ 36. Kb2 a3+ 37. Ka2 Ra7 38. h6 bxc3 39. h7 Rb7 40. Rg8
Rb2+ 41. Kxa3 Nf7 42. Rxh8 Nxh8 43. Rg4 1-0

[Event "USCL Week 6"]
[Site "Internet Chess Club"]
[Date "2014.10.01"]
[Round "?"]
[White "Francisco, Richard"]
[Black "Cunningham, Robin"]
[Result "1-0"]
[WhiteElo "2382"]
[BlackElo "2268"]
[PlyCount "79"]
[EventDate "2014.??.??"]

1. e4 c6 2. d4 d5 3. e5 Bf5 4. h4 h5 5. Bg5 Qb6 6. Bd3 Bxd3 7. Qxd3 e6 8. Nf3
c5 9. dxc5 Bxc5 10. O-O Nc6 11. Nc3 a6 12. a3 Qc7 13. Rfe1 Nge7 14. b4 Ba7 15.
b5 Na5 16. bxa6 bxa6 17. Bxe7 Kxe7 18. Nxd5+ exd5 19. e6 fxe6 20. Qg6 Kf8 21.
Ng5 Bxf2+ 22. Kxf2 Qa7+ 23. Kg3 Rh6 24. Nxe6+ Kg8 25. Qf5 Qd7 26. Rad1 Qd6+ 27.
Nf4 Qxa3+ 28. Rd3 Qb4 29. Qxd5+ Kh7 30. Re4 Qb7 31. Qf5+ Kg8 32. Rde3 Rf8 33.
Re8 Rhf6 34. Rxf8+ Rxf8 35. Qxa5 Qc8 36. Qd5+ Rf7 37. Qxh5 Qb8 38. Qe5 Qb4 39.
Qe8+ Rf8 40. Qe6+ 1-0

[Event "USCL Week 6"]
[Site "Internet Chess Club"]
[Date "2014.10.01"]
[Round "?"]
[White "Jones, Craig"]
[Black "Martinez, Leo"]
[Result "0-1"]
[WhiteElo "2232"]
[BlackElo "2266"]
[PlyCount "82"]
[EventDate "2014.??.??"]

1. Nf3 Nf6 2. c4 c5 3. e3 d5 4. d4 e6 5. Nc3 Be7 6. a3 cxd4 7. exd4 O-O 8. cxd5
exd5 9. Qb3 Nc6 10. Bb5 Na5 11. Qa2 a6 12. Bd3 b5 13. O-O Bb7 14. Bg5 Nc4 15.
Rfe1 Re8 16. Re2 Ne4 17. Bxe7 Rxe7 18. Rae1 Nxc3 19. bxc3 Rxe2 20. Qxe2 Nd6 21.
Qe7 h6 22. Kf1 Bc6 23. Qe5 Qf8 24. Qh5 Re8 25. Ne5 Bb7 26. Re3 Re6 27. Rf3 Qe7
28. h4 f6 29. Qg6 Ne4 30. Ng4 Nd2+ 31. Kg1 Nxf3+ 32. gxf3 Kf8 33. Qh7 Qf7 34.
Ne3 Re7 35. Nf5 Rc7 36. Nd6 Qe6 37. Bf5 Qxd6 38. Qh8+ Kf7 39. h5 Qf8 40. Qh7
Ke7 41. Bg4 Bc8 0-1

[Event "USCL Week 6"]
[Site "Internet Chess Club"]
[Date "2014.10.01"]
[Round "?"]
[White "Brattain, Mika"]
[Black "Bodek, Michael"]
[Result "1/2-1/2"]
[WhiteElo "2453"]
[BlackElo "2502"]
[PlyCount "128"]
[EventDate "2014.??.??"]

1. d4 g6 2. e4 Bg7 3. Nf3 c6 4. Be2 d5 5. e5 Bg4 6. O-O Bxf3 7. Bxf3 e6 8. Re1
Ne7 9. Nd2 Nd7 10. Nb3 Qc7 11. Bf4 O-O 12. Qd2 c5 13. c3 Rfc8 14. Rac1 cxd4 15.
cxd4 Qb6 16. h3 Nc6 17. Be3 Bf8 18. Qd3 Na5 19. Nxa5 Qxa5 20. a3 Nb6 21. Bd2
Qa4 22. Bd1 Qd7 23. Bb3 Rxc1 24. Rxc1 Rc8 25. Rxc8 Qxc8 26. Qc3 Nc4 27. Bc2 Qb8
28. Bc1 b5 29. a4 a6 30. b3 Nb6 31. axb5 axb5 32. Bd3 b4 33. Qa1 Nc8 34. Qa4
Ne7 35. Bd2 Nf5 36. Bxf5 gxf5 37. Qa6 Qd8 38. Qd3 Qh4 39. Qe3 h6 40. Kh2 Kh7
41. g3 Qe7 42. Qd3 Kg7 43. Qe2 Kh7 44. Qh5 f6 45. Bf4 fxe5 46. Bxe5 Bg7 47. Qe2
Bxe5 48. Qxe5 Kg8 49. Kg2 Kh7 50. g4 Qf7 51. Kg3 Kg6 52. Qd6 fxg4 53. hxg4 h5
54. gxh5+ Kxh5 55. Qxb4 Qg6+ 56. Kh2 Qd3 57. Kg2 Qe4+ 58. Kf1 Qd3+ 59. Kg2 Qe4+
60. f3 Qe2+ 61. Kg3 Qe3 62. Qe7 Qg1+ 63. Kh3 Qh1+ 64. Kg3 Qg1+ 1/2-1/2

[Event "USCL Week 6"]
[Site "Internet Chess Club"]
[Date "2014.10.01"]
[Round "?"]
[White "Becerra, Julio"]
[Black "Lenderman, Alex"]
[Result "1/2-1/2"]
[WhiteElo "2626"]
[BlackElo "2701"]
[PlyCount "84"]
[EventDate "2014.??.??"]

1. c4 e6 2. Nf3 d5 3. e3 Nf6 4. b3 Be7 5. Bb2 O-O 6. Be2 c5 7. O-O Nc6 8. d4
cxd4 9. Nxd4 Bd7 10. Nd2 Rc8 11. a3 a6 12. N4f3 Qc7 13. Qb1 dxc4 14. Bxc4 Rfd8
15. b4 Ng4 16. Rc1 Bf6 17. Be2 Qb8 18. Bxf6 Nxf6 19. Qb2 Ne7 20. Ne5 Be8 21.
Nb3 Ng6 22. Nxg6 hxg6 23. Bf3 b6 24. h4 a5 25. Nd2 axb4 26. axb4 Bb5 27. Ra8
Rxc1+ 28. Qxc1 Qd6 29. Nc4 Bxc4 30. Rxd8+ Qxd8 31. Qxc4 Nd7 32. Qb5 Qc7 33. g4
Ne5 34. Kg2 Kf8 35. Be2 Ke7 36. f4 Nd7 37. g5 e5 38. Qc4 Qd6 39. Qe4 Qe6 40.
Qc4 Qd6 41. Qe4 Qe6 42. Qc4 Qd6 1/2-1/2

[Event "USCL Week 6"]
[Site "Internet Chess Club"]
[Date "2014.10.01"]
[Round "?"]
[White "Mo, Kevin"]
[Black "Perdomo, Carlos"]
[Result "0-1"]
[WhiteElo "2334"]
[BlackElo "2400"]
[PlyCount "106"]
[EventDate "2014.??.??"]

1. c4 c5 2. Nf3 b6 3. g3 Bb7 4. Bg2 Nf6 5. Nc3 e6 6. O-O Be7 7. d4 cxd4 8. Qxd4
Nc6 9. Qf4 a6 10. b3 O-O 11. Rd1 Rb8 12. e4 Ne8 13. Bb2 Ba8 14. Rd3 d6 15. e5
b5 16. cxb5 axb5 17. exd6 Bxd6 18. Qd2 Nb4 19. Rd4 Qb6 20. Ne4 Bxe4 21. Rxe4
Nd5 22. Ne5 Nef6 23. Rh4 Rfd8 24. Rc1 Rbc8 25. Rxc8 Rxc8 26. Ng4 Be7 27. Qg5
Ne8 28. Nh6+ Kf8 29. Qh5 g6 30. Qf3 Nef6 31. Ng4 Nxg4 32. Rxh7 Bf6 33. Qxg4
Bxb2 34. Bxd5 Rc1+ 35. Kg2 exd5 36. Qd7 Qf6 37. Qxb5 Qe5 38. Rh4 g5 39. Rg4 Qf5
40. Qb4+ Kg7 41. h4 Bf6 42. hxg5 Be5 43. g6 Rc2 44. gxf7+ Kxf7 45. Qb7+ Ke6 46.
Qb6+ Ke7 47. Ra4 Bc7 48. Qe3+ Kd7 49. Qd4 Qg5 50. Qd3 Rd2 51. Qh7+ Kc6 52. Ra6+
Bb6 53. Qf7 Qe3 0-1

[Event "USCL Week 6"]
[Site "Internet Chess Club"]
[Date "2014.10.01"]
[Round "?"]
[White "Esserman, Marc"]
[Black "Mandizha, Farai"]
[Result "0-1"]
[WhiteElo "2528"]
[BlackElo "2478"]
[PlyCount "80"]
[EventDate "2014.??.??"]

1. e4 c5 2. d4 cxd4 3. c3 dxc3 4. Nxc3 Nc6 5. Nf3 e6 6. Bc4 Bb4 7. O-O Nge7 8.
Qc2 O-O 9. Rd1 Bxc3 10. bxc3 d5 11. Bd3 h6 12. Rb1 Qc7 13. Ba3 Rd8 14. e5 b6
15. Bd6 Rxd6 16. exd6 Qxd6 17. Qe2 e5 18. h3 Be6 19. c4 d4 20. Re1 f6 21. Rbc1
Rc8 22. g4 Nb4 23. Nd2 Nxa2 24. Ra1 Nc3 25. Qf3 a5 26. Rec1 Rf8 27. Ne4 Nxe4
28. Bxe4 f5 29. gxf5 Bxf5 30. Re1 Be6 31. Bh7+ Kxh7 32. Qxf8 Bxh3 33. Qf3 Bf5
34. c5 Qxc5 35. Rac1 Qd6 36. Qb7 e4 37. Rc7 Qg6+ 38. Kh2 Ng8 39. f3 Nf6 40. Rg1
Qh5+ 0-1

[Event "USCL Week 6"]
[Site "Internet Chess Club"]
[Date "2014.10.01"]
[Round "?"]
[White "Shen, Victor"]
[Black "Zierk, Steven"]
[Result "0-1"]
[WhiteElo "2510"]
[BlackElo "2543"]
[PlyCount "126"]
[EventDate "2014.??.??"]

1. d4 d5 2. c4 c6 3. Nc3 Nf6 4. e3 e6 5. Nf3 Nbd7 6. Bd3 dxc4 7. Bxc4 b5 8. Bd3
Bb7 9. e4 b4 10. Na4 c5 11. e5 Nd5 12. O-O cxd4 13. Nxd4 Be7 14. Re1 O-O 15.
Qg4 Re8 16. Bh6 Bf8 17. Bg5 Be7 18. h4 Bxg5 19. hxg5 Qe7 20. Rac1 Rac8 21. Rxc8
Rxc8 22. Nb5 Nc5 23. Nxc5 Rxc5 24. Nd6 Qc7 25. Qh4 g6 26. Be4 Rc1 27. Rxc1
Qxc1+ 28. Kh2 Bc6 29. Bxd5 Bxd5 30. Ne8 Kf8 31. Nf6 Qxb2 32. Qf4 Bxa2 33. Nxh7+
Ke7 34. Qe3 Kd8 35. Nf6 Bd5 36. Qxa7 Qxe5+ 37. g3 Qc7 38. Qa4 Qb7 39. Qe8+ Kc7
40. Qxf7+ Kb6 41. Qxg6 Bh1 42. Kh3 Qg2+ 43. Kh4 Qh2+ 44. Kg4 Qxf2 45. Kh5 Qh2+
46. Kg4 Qe2+ 47. Kh4 Bf3 48. Ng4 Bxg4 49. Qe8 Qe4 50. Qb8+ Ka5 51. Qa7+ Kb5 52.
g6 Bf5+ 53. Kg5 Qg4+ 54. Kf6 Qxg6+ 55. Ke5 Qxg3+ 56. Kf6 Qh4+ 57. Ke5 Qh8+ 58.
Kf4 Qh2+ 59. Kg5 Qg3+ 60. Kf6 Qc3+ 61. Kg5 Be4 62. Qd7+ Qc6 63. Qa7 Qc5+ 0-1

[Event "USCL Week 6"]
[Site "Internet Chess Club"]
[Date "2014.10.01"]
[Round "?"]
[White "Paragua, Mark"]
[Black "Martinez, Marcel"]
[Result "1-0"]
[WhiteElo "2588"]
[BlackElo "2474"]
[PlyCount "127"]
[EventDate "2014.??.??"]

1. d4 d5 2. Bg5 f6 3. Bh4 Nh6 4. f3 c5 5. e3 Qb6 6. Nc3 e6 7. Rb1 Nc6 8. Bf2
Bd7 9. Qd2 cxd4 10. exd4 Na5 11. Bd3 Rc8 12. Nge2 Nc4 13. Qc1 Nf7 14. O-O g6
15. Nf4 Bh6 16. Nce2 Qd6 17. Bxc4 Rxc4 18. Be3 Bg7 19. Nd3 b6 20. b3 Rc8 21. c4
dxc4 22. bxc4 O-O 23. c5 bxc5 24. Nxc5 Bc6 25. Qa3 Rfe8 26. Rfd1 Nh6 27. Bf2
Nf5 28. Nc3 Qe7 29. Re1 Qf7 30. Qa6 Nd6 31. Rbd1 Bf8 32. Re2 Bd5 33. Nxd5 exd5
34. Rde1 Rxe2 35. Rxe2 Rb8 36. Re1 Nc4 37. Qc6 Nb6 38. a4 Rc8 39. Qb5 Bd6 40.
a5 Na8 41. Ne6 Nc7 42. Qc6 Bb4 43. Rc1 Bd2 44. Qa6 Qd7 45. Nxc7 Rxc7 46. Rd1
Rc1 47. Rxc1 Bxc1 48. Qxf6 Qb5 49. Qe6+ Kg7 50. Bg3 Qb1 51. Be5+ Kf8 52. Qf6+
Ke8 53. Qh8+ Ke7 54. Qxh7+ Ke8 55. Kf2 Bd2 56. g3 Qe1+ 57. Kg2 g5 58. Qg6+ Ke7
59. Qf6+ Kd7 60. Qd6+ Ke8 61. Qe6+ Kf8 62. Bd6+ Kg7 63. Qxe1 Bxe1 64. a6 1-0